000 00636nam a2200205 a 4500
005 20210219151201.0
008 991125s1975 es 000 0 spa u
020 _a8425208653
035 _aUPN01000029201
049 _aCG
050 4 _aNE430
_bI9.58
100 1 _aIvins, Williams M.,
_d1881-1961
245 1 0 _aImagen impresa y conocimiento :
_banálisis de la imagen prefotográfica /
_cW. M. Ivins ; tr. Justo G. Beramendi.
260 _aBarcelona, Esp. :
_bG. Gili,
_c1975.
300 _a233 p. :
_bil., retrs.
440 0 _aComunicación visual
650 4 _aGRABADO
650 4 _aPROCEDIMIENTOS FOTOMECANICOS
905 _aLibro
999 _c29201
_d29201